| 000 | 00795nmm a2200193 a 4500 | ||
|---|---|---|---|
| 005 | 20210219155101.0 | ||
| 008 | 050418s2003 mx b spa d | ||
| 035 | _aUPN01000138114 | ||
| 049 | _aAV | ||
| 050 | 4 | _aDVD TK 6 | |
| 245 | 0 | 0 | _aGraham Bell. |
| 260 |
_aEUA : _bThe history channel : _bA & E home video, _cc2003. |
||
| 300 |
_a1 DVD (120 min.) : _bson. col. ; _c4 3/4 plg. |
||
| 440 | 4 | _aBiography | |
| 500 | _a"Capítulos con versiones en español" | ||
| 520 | _aVida y obra de uno de los hombres más visionarios de su época. Graham Bell se levanta como uno de las mentes más brillantes e innovadoras de nuetros tiempos; en donde uno de sus inventos: el teléfono, revolucionó la forma de comunicarnos | ||
| 600 | 1 | 4 |
_aBELL, ALEXANDER GRAHAM, _d1847-1922 |
| 905 | _aElectrónico | ||
| 999 |
_c110262 _d110262 |
||